<The> Japan - U.S. Relationship Bilateral and Global Contexts
Guardado en:
| Formato: | Libro |
|---|---|
| Lenguaje: | inglés |
| Publicado: |
Budapest
Hungarian Scientific Council for World Economy
1991
|
| Edición: | 1. ed. |
| Etiquetas: |
Sin Etiquetas, Sea el primero en etiquetar este registro!
|
MARC
| LEADER | 00000nam a2200000 4500 | ||
|---|---|---|---|
| 001 | c032605 | ||
| 005 | 20221214093912.5 | ||
| 041 | 0 | |a eng | |
| 044 | |a HU | ||
| 245 | 1 | 0 | |a <The> Japan - U.S. Relationship |b Bilateral and Global Contexts |
| 250 | |a 1. ed. | ||
| 264 | 1 | |a Budapest |b Hungarian Scientific Council for World Economy |c 1991 | |
| 300 | |a 63 s. | ||